000 00662nab a2200193 4500
001 244442
003 OSt
005 20250702084341.0
007 tu
008 200917s2020|||||||
040 _aDE-2950
_cDE-2950
245 0 0 _aBürgermeisterin verliert Vertrauensfrage
_bPolitik. Slubices Bürgermeisterin musste sich im Stadtrat einer Vertrauensfrage stellen - und verlor. Wie es dazu kam und was das bedeutet/
_cMelania Dumin, Thomas Gutke
264 _c2024
653 _aSlubice
653 _aMarzena Slodownik
653 _aVertrauensfrage
773 0 _g36. Jahrgang (2025) Nr. 141 vom 20.06.2025, S. 16 mit Foto
_tMärkische Oderzeitung
942 _2z
_cA
999 _c373851
_d373851